| 000 | 00656nam a2200181Ia 4500 | ||
|---|---|---|---|
| 008 | 090124s9999 xx 000 0 und d | ||
| 082 | _b5669 | ||
| 100 | _aकोल्हटकर वा. पु. | ||
| 245 | _a ग्रंथपालनाचे आप्त | ||
| 250 | _a1 | ||
| 260 |
_bमुंबई मराठी ग्रंथसंग्रहालय _c1964 |
||
| 300 | _a88 | ||
| 600 | _aकोल्हटकर वा. पु. | ||
| 630 | _a ग्रंथपालनाचे आप्त | ||
| 700 | _aकोल्हटकर वा. पु. | ||
| 730 | _a ग्रंथपालनाचे आप्त | ||
| 942 | _cBOOK | ||
| 999 |
_c84624 _d84624 |
||